<?xml version="1.0" encoding="UTF-8"?>
<record
    xmlns:xsi="http://www.w3.org/2001/XMLSchema-instance"
    xsi:schemaLocation="http://www.loc.gov/MARC21/slim http://www.loc.gov/standards/marcxml/schema/MARC21slim.xsd"
    xmlns="http://www.loc.gov/MARC21/slim">

  <leader>00827nam a2200217 a 4500</leader>
  <controlfield tag="001">000035411</controlfield>
  <controlfield tag="005">20200930074325.0</controlfield>
  <controlfield tag="008">111031s1941    mx            000 0 spa d</controlfield>
  <datafield tag="040" ind1=" " ind2=" ">
    <subfield code="a">DO-SdBNP</subfield>
    <subfield code="b">spa</subfield>
    <subfield code="c">BNPHU</subfield>
  </datafield>
  <datafield tag="082" ind1=" " ind2=" ">
    <subfield code="a">109</subfield>
    <subfield code="b">S558t</subfield>
  </datafield>
  <datafield tag="100" ind1="1" ind2=" ">
    <subfield code="a">Shirokov, M.</subfield>
    <subfield code="9">61240</subfield>
  </datafield>
  <datafield tag="245" ind1="1" ind2="0">
    <subfield code="a">Tratado sistem&#xE1;tico de filosof&#xED;a :</subfield>
    <subfield code="b">el pensamiento filos&#xF3;fico a trav&#xE9;s de la historia /</subfield>
    <subfield code="c">M. Shirokov ; versi&#xF3;n Rosado de la Espada.</subfield>
  </datafield>
  <datafield tag="260" ind1=" " ind2=" ">
    <subfield code="a">M&#xE9;xico :</subfield>
    <subfield code="b">Ediciones Fuente Cultural,</subfield>
    <subfield code="c">1941.</subfield>
  </datafield>
  <datafield tag="300" ind1=" " ind2=" ">
    <subfield code="a">388 p. ;</subfield>
    <subfield code="c">22 cm.</subfield>
  </datafield>
  <datafield tag="490" ind1="1" ind2=" ">
    <subfield code="a">Biblioteca nueva cultura</subfield>
  </datafield>
  <datafield tag="590" ind1=" " ind2=" ">
    <subfield code="a">Perteneci&#xF3; a la biblioteca personal de Juan Isidro Jimenes Grull&#xF3;n.</subfield>
  </datafield>
  <datafield tag="650" ind1=" " ind2="4">
    <subfield code="a">Filosof&#xED;a</subfield>
    <subfield code="x">Historia</subfield>
    <subfield code="9">528</subfield>
  </datafield>
  <datafield tag="700" ind1="1" ind2=" ">
    <subfield code="a">Rosado de la Espada, D.,</subfield>
    <subfield code="e">tr.</subfield>
    <subfield code="9">61241</subfield>
  </datafield>
  <datafield tag="830" ind1=" " ind2="0">
    <subfield code="a">Biblioteca nueva cultura</subfield>
    <subfield code="9">61242</subfield>
  </datafield>
  <datafield tag="910" ind1=" " ind2=" ">
    <subfield code="a">Validado. Control de calidad BNPHU</subfield>
  </datafield>
  <datafield tag="952" ind1=" " ind2=" ">
    <subfield code="0">0</subfield>
    <subfield code="1">0</subfield>
    <subfield code="5">0</subfield>
    <subfield code="7">1</subfield>
    <subfield code="8">MO</subfield>
    <subfield code="a">GR</subfield>
    <subfield code="b">GR</subfield>
    <subfield code="c">HD</subfield>
    <subfield code="d">2011-10-31</subfield>
    <subfield code="i">LF1</subfield>
    <subfield code="l">0</subfield>
    <subfield code="o">109 S558t</subfield>
    <subfield code="p">35411-10</subfield>
    <subfield code="r">2020-06-25</subfield>
    <subfield code="w">2020-06-25</subfield>
    <subfield code="y">1</subfield>
    <subfield code="z">Perteneci&#xF3; a la biblioteca personal de Juan Isidro Jimenes -Grull&#xF3;n</subfield>
    <subfield code="Z">No se presta</subfield>
  </datafield>
  <datafield tag="999" ind1=" " ind2=" ">
    <subfield code="c">34902</subfield>
    <subfield code="d">34902</subfield>
  </datafield>
</record>
